LEADER 01219nam a2200277 i 4500 001 000000154962 003 CaOOAMICUS 005 20061030000000.0 008 061030s1972 it u000 u ita u 013 $a132311 040 $aSeMil$bita 100 1 $aKuznecov, Eduard Samuilovic.$0(OLS)http://semarc/name/60612 245 10$aSenza di me :$bdiario da un lager sovietico : 1970-1971 /$cdi Eduard Samuilovic Kuznecov ; traduzione di Maria Olsùfieva e Oretta Michahelles. 260 $aMilano :$bLonganesi & C.,$ccopyr. 1972. 300 $a189 p. ;$c23 cm. 490 0 $aIl cammeo ;$v287 500 $aIn mezzo al front. : una cartina. - Fondo Ciprandi. 700 1 $aMichahelles, Oretta.$0(OLS)http://semarc/name/56550 700 1 $aOlsùfieva, Maria,$d<1907-1988>.$0(OLS)http://semarc/name/384 830 3$aIl cammeo ;$v287.$0(OLS)http://semarc/title/7213 850 $aSeMil 852 $aSeMil$W1$xVenegono$y1$m1W VI 259$j106813$B106813$CSeMilBibl$Z2$F116074 $81 941 1 $a1 961 $aOmaggio: Ciprandi dott. Paolo 996 $6245$aSenza di me :$bdiario da un lager sovietico : 1970-1971$9(OLS)http://semarc/title/226881 996 $6260$aMilano :$bLonganesi & C.$9(OLS)http://semarc/publisher/31590 LEADER 01337nam a2200289 i 4500 001 000000175842 003 CaOOAMICUS 005 20081119000000.0 008 081119s1984 it u000 u ita u 013 $a153327 020 $a88-311-0318-0 040 $aSeMil$bita 100 1 $aForest, Aimé,$d<1898-1983>.$0(OLS)http://semarc/name/33907 245 13$aLe forme del legame spirituale :$buna meditazione sugli orientamenti della coscienza e l'affermazione metafisica /$cAimé Forest ; traduzione e prefazione a cura di Giorgio Agliodo. 260 $aRoma :$bCittà Nuova,$c1984. 300 $a197 p. ;$c20 cm. 490 0 $aFilosofia ;$v15 500 $aDono di don Romano Martinelli. 650 4$aMetafisica.$0(OLS)http://semarc/subject/188 700 1 $aAgliodo, Giorgio.$0(OLS)http://semarc/name/65520 830 0$aFilosofia ;$v15.$0(OLS)http://semarc/title/8053 850 $aSeMil 852 $aSeMil$W1$xVenegono$y1$m2P II 743$j126664$B126664$CSeMilBibl$Z2$F137371 $81 961 $aOmaggio: Martinelli don Romano 996 $6020$a88-311-0318-0$9(OLS)http://semarc/number/164195 996 $6245$aLe forme del legame spirituale :$buna meditazione sugli orientamenti della coscienza e l'affermazione metafisica$9(OLS)http://semarc/title/252244 996 $6260$aRoma :$bCittà Nuova$9(OLS)http://semarc/publisher/29609